Mapas y planos de México (Record no. 1321)

MARC details
000 -CABECERA
campo de control de longitud fija 00677nam a2200193 a 4500
001 - NÚMERO DE CONTROL
campo de control BRCA_1459
005 - FECHA Y HORA DE LA ÚLTIMA TRANSACCIÓN
campo de control 20190320203434.0
008 - DATOS DE LONGITUD FIJA--INFORMACIÓN GENERAL
campo de control de longitud fija 900329s1988 mx-b---##b---#100-0#spa-d
020 ## - NÚMERO INTERNACIONAL ESTÁNDAR DEL LIBRO
Número Internacional Estándar del Libro 9688813184
050 #4 - SIGNATURA TOPOGRÁFICA DE LA BIBLIOTECA DEL CONGRESO
Número de clasificación F1231
Número de documento/Ítem .M36 1988
245 10 - MENCIÓN DE TÍTULO
Título Mapas y planos de México
Resto del título siglos XVI al XIX.
260 ## - PUBLICACIÓN, DISTRIBUCIÓN, ETC.
Lugar de publicación, distribución, etc. México
Nombre del editor, distribuidor, etc. INEGI : INAH
Fecha de publicación, distribución, etc. 1988
300 ## - DESCRIPCIÓN FÍSICA
Extensión 135 p.
Otras características físicas il. (algunas a color), mapas
Dimensiones 22 cm.
500 ## - NOTA GENERAL
Nota general Catálogo de exposición realizada en el Museo Nacional de Historia, Castillo de Chapultepec (Ciudad de México), 1988
504 ## - NOTA DE BIBLIOGRAFÍA, ETC.
Nota de bibliografía, etc. Bibliográfia : p. 131-133
651 #4 - PUNTO DE ACCESO ADICIONAL DE MATERIA--NOMBRE GEOGRÁFICO
Nombre geográfico México
Subdivisión de forma Catálogos
Subdivisión general Mapas
Subdivisión cronológica 1800
9 (RLIN) 4773
651 #4 - PUNTO DE ACCESO ADICIONAL DE MATERIA--NOMBRE GEOGRÁFICO
Nombre geográfico México
Subdivisión de forma Mapas
9 (RLIN) 4774
942 ## - ELEMENTOS DE PUNTO DE ACCESO ADICIONAL (KOHA)
Fuente del sistema de clasificación o colocación Library of Congress Classification
Tipo de ítem Koha Libros
Holdings
Estado de retiro Estado de pérdida Estado dañado No para préstamo Localización permanente Ubicación/localización actual Fecha de adquisición Total de préstamos Signatura topográfica completa Código de barras Fecha visto por última vez Precio válido a partir de Tipo de ítem Koha
El ejemplar forma parte de la colección y puede ser consultado según las políticas vigentes.       Biblioteca del Museo Franz Mayer (Rogerio Casas-Alatriste) Biblioteca del Museo Franz Mayer (Rogerio Casas-Alatriste) 26/06/2008   F1231 .M36 1988 01987 22/03/2019 22/03/2019 Libros